Winter Olympics Host Cities - Map Quiz - Statistics

General Stats
  • This quiz has been taken 59 times
  • The average score is 14 of 21
Answers on the Map
Answers color-coded by a green-red scale on the quiz's map according to % correct below.
 
Answer Stats
Year City % Correct
2010 Vancouver
96%
1952 Oslo
89%
2014 Russia Sochi
89%
1984 Sarajevo
88%
1988 Calgary
86%
2002 Salt Lake City
84%
2006 Turin
82%
2022 Beijing
80%
19641976 Innsbruck
79%
1972 Sapporo
77%
1994 Lillehammer
66%
2018 Pyeongchang
63%
19321980 Lake Placid
59%
1924 Chamonix
52%
1956 Cortina d'Ampezzo
46%
1968 Grenoble
46%
1992 Albertville
45%
1998 Nagano
43%
19281948 St. Moritz
41%
1960 Squaw Valley
34%
1936 Garmisch-Partenkirchen
30%
No matching quizzes found
Score Distribution
Percent of People with Each Score
Percentile by Number Answered
Your Score History
You have not taken this quiz